Loading...
| Social Science | 3 | 0 | 0 | 0 | 45 | 23 | 51.67 | 3 | 3 | 0.00 | 0.00 |
| Geography | 1 | 3 | 0 | 1 | 45 | 74 | 100.50 | 4 | 4 | 0.00 | 0.00 |
| History - World | 1 | 3 | 2 | 2 | 35 | 17 | 93.75 | 3 | 4 | 0.00 | 0.00 |
| Fine Arts - Other | 0 | 3 | 0 | 2 | 30 | 128 | 141.00 | 0 | 3 | 0.00 | 0.00 |
| Science - Chemistry | 0 | 2 | 0 | 1 | 20 | 129 | 132.00 | 2 | 2 | 0.00 | 0.00 |
| Fine Arts - Classical Music | 0 | 1 | 0 | 0 | 10 | 84 | 84.00 | 0 | 1 | 0.00 | 0.00 |
| History - American | 0 | 1 | 0 | 0 | 10 | 92 | 92.00 | 0 | 1 | 0.00 | 0.00 |
| Current Events | 1 | 0 | 2 | 0 | 5 | 38 | 38.00 | 1 | 1 | 0.00 | 0.00 |
| Fine Arts - Painting and Sculpture | 0 | 1 | 1 | 0 | 5 | 101 | 101.00 | 0 | 1 | 0.00 | 0.00 |
| History - Other | 1 | 0 | 2 | 0 | 5 | 11 | 11.00 | 1 | 1 | 0.00 | 0.00 |
| Science - Biology | 0 | 1 | 1 | 0 | 5 | 99 | 99.00 | 0 | 1 | 0.00 | 0.00 |
| History - European | 0 | 1 | 2 | 1 | 0 | 155 | 155.00 | 0 | 1 | 0.00 | 0.00 |
| Science - Other | 0 | 0 | 0 | 0 | 0 | 0.00 | 0 | 0 | 0.00 | 0.00 | |
| Science - Physics | 0 | 0 | 0 | 0 | 0 | 0.00 | 0 | 0 | 0.00 | 0.00 | |
| Other Academic | 0 | 0 | 1 | 0 | -5 | 0.00 | 0 | 0 | 0.00 | 0.00 | |
| Religion | 0 | 1 | 3 | 0 | -5 | 108 | 108.00 | 1 | 1 | 0.00 | 0.00 |
| Philosophy | 0 | 0 | 1 | 0 | -5 | 0.00 | 0 | 0 | 0.00 | 0.00 | |
| Mythology | 0 | 0 | 2 | 0 | -10 | 0.00 | 0 | 0 | 0.00 | 0.00 |